000 00302nam a22001337a 4500
020 _a978-0-7499-1378-6
082 _a158
_bWEI/M
100 _aBRIAN, WEISS
245 _aMANY LIVES MANY MASTERS
260 _aLONDON
_bPIATKUS
300 _a219
650 _aPERSONALITY DEVELOPMENT
_zLONDON
942 _cBK
999 _c5500
_d5500